00450nam a2200181Ia 4500003000400000005001700004008004100021020001900062040000700081041000800088082001500096100001800111245004700129260004800176300000900224650001600233700001900249OSt20250822151212.0250729s2005 xx 000 0 und d a978-8171416875 cAL aeng a510.7 EDIT aEdiger Marlow aTeaching mathematics in elementary schools aNew DelhibDiscovery Publishing Housec2005 a200p aMathematics aRao Digumurthi